Thế giới nghệ thuật tiểu thuyết Cao Duy Sơn
Tiểu thuyết Cao Duy Sơn trong nguồn chung của văn xuôi viết về miền núi sau 1975; Hiện thực cuộc sống và con người trong tiểu thuyết Cao Duy Sơn; Thế giới nghệ thuật tiểu thuyết Cao Duy Sơn từ phương thức thể hiện...
Đã lưu trong:
| Tác giả chính: | |
|---|---|
| Tác giả khác: | |
| Định dạng: | Sách |
| Ngôn ngữ: | Vietnamese |
| Được phát hành: |
Đà Nẵng
Đại học Đà Nẵng
2013
|
| Những chủ đề: | |
| Các nhãn: |
Thêm thẻ
Không có thẻ, Là người đầu tiên thẻ bản ghi này!
|
| Thư viện lưu trữ: | Mạng thư viện Đại học Đà Nẵng |
|---|
| LEADER | 01725nam a2200349 4500 | ||
|---|---|---|---|
| 001 | 000019288 | ||
| 003 | 15723 | ||
| 005 | 20140416090415.0 | ||
| 008 | 140416s2013 viesd | ||
| 041 | |a vie | ||
| 082 | 1 | 4 | |a 895.922334 |b HU-P |
| 100 | |a Huỳnh Thị Mỹ Phụng | ||
| 245 | |a Thế giới nghệ thuật tiểu thuyết Cao Duy Sơn |c Huỳnh Thị Mỹ Phụng ; Lê Thị Hường hướng dẫn. |k Luận văn Thạc sĩ | ||
| 260 | |a Đà Nẵng |b Đại học Đà Nẵng |c 2013 | ||
| 300 | |a 114 tr., phụ lục 3 tr. |c 29 cm. |e Tóm tắt | ||
| 500 | |a Luận văn thạc sĩ Khoa học xã hội và nhân văn. Chuyên ngành : Văn học Việt Nam. Mã số: 60.22.34. | ||
| 520 | |a Tiểu thuyết Cao Duy Sơn trong nguồn chung của văn xuôi viết về miền núi sau 1975; Hiện thực cuộc sống và con người trong tiểu thuyết Cao Duy Sơn; Thế giới nghệ thuật tiểu thuyết Cao Duy Sơn từ phương thức thể hiện... | ||
| 600 | 1 | 4 | |a Cao Duy Sơn |d 1956- |
| 650 | 0 | 4 | |a Tiểu thuyết Việt |v Luận văn tốt nghiệp |x Nghiên cứu |z Việt Nam |
| 653 | |a Văn học Việt Nam | ||
| 653 | |a Tiểu thuyết Việt | ||
| 700 | 1 | |a Lê Thị Hường |c TS. |e Hướng dẫn | |
| OWN | |a LSP | ||
| AVA | |a UDN50 |b LSP |d 895.922334 HU-P |e available |t Error 5001 Not defined in file expand_doc_bib_avail. |f 1 |g 0 |h N |i 0 |k 1 | ||
| 999 | |a From the UDN01 | ||
| AVA | |a UDN50 |b LSP |d 895.922334 HU-P |e available |t Error 5001 Not defined in file expand_doc_bib_avail. |f 1 |g 0 |h N |i 0 |k 1 | ||
| TYP | |a Monograph | ||
| TYP | |a Printed language | ||
| 980 | |a Mạng thư viện Đại học Đà Nẵng | ||